Statistics for Words That Rhyme With "Sioux"

Click here to take the quiz!

General Stats

  • This quiz has been taken 1,273 times
    (654 since last reset)
  • The average score is 45 of 67

Answer Stats

rhyme% Correct
new
93%
to
93%
boo
91%
too
91%
crew
90%
brew
88%
do
88%
loo
88%
blue
87%
grew
87%
moo
87%
zoo
87%
clue
86%
few
85%
you
85%
poo
84%
woo
84%
drew
83%
goo
83%
stew
83%
sue
83%
true
83%
jew
82%
dew
81%
flew
80%
rue
80%
slew
80%
glue
79%
coo
77%
mew
77%
pew
76%
chew
74%
blew
73%
hue
72%
cue
71%
view
71%
who
71%
two
70%
due
69%
spew
67%
hew
65%
shoe
65%
through
65%
queue
64%
flu
62%
shoo
57%
knew
56%
threw
56%
doo
55%
yew
55%
choo
54%
skew
53%
ewe
50%
lieu
50%
strew
49%
phew
46%
screw
46%
shrew
45%
flue
43%
gnu
38%
ooh
30%
roux
30%
coup
29%
bleu
17%
choux
14%
leu
11%
sprue
8%

Score Distribution

Percentile by Number Answered

Percent of People with Each Score

Your Score History

You have not taken this quiz since the last reset